Statistics for Washington Redskins 2017 Draft picks

Click here to take the quiz!

General Stats

  • This quiz has been taken 28 times
  • The average score is 4 of 10

Answer Stats

Round Pick Answer % Correct
117Jonathan Allen
100%
249Ryan Anderson
60%
381Fabian Moreau
50%
4114Samaje Perine
45%
4123Montae Nicholson
45%
5154Jeremy Sprinkle
40%
7230Josh Harvey-Clemons
35%
6199Chase Roullier
20%
6209Robert Davis
20%
7235Joshua Holsey
20%

Score Distribution

Percentile by Number Answered

Percent of People with Each Score

Your Score History

You have not taken this quiz